Catalog

Record Details

Catalog Search



Pedagogická intervence v raném a předškolním věku u jedinců s mozkovou obrnou  Cover Image Book Book

Pedagogická intervence v raném a předškolním věku u jedinců s mozkovou obrnou / Dagmar Opatřilová

Record details

  • ISBN: 978-80-210-5266-6
  • Physical Description: 150 s. : il. ; 21 cm
  • Edition: 2., přeprac. a rozš. vyd.
  • Publisher: Brno : Masarykova univerzita, 2010

Content descriptions

General Note:
Nad názvem: Masarykova univerzita, Pedagogická fakulta
200 výt.
Bibliography, etc. Note:
Obsahuje bibliografii a rejstříky
Language Note:
Souběžné anglické résumé
Subject: speciální pedagogika
dětská mozková obrna
psychomotorika
děti předškolního věku
somatopedie
special education
cerebral palsy
perceptual-motor skills
preschool children
education of people with physical disabilities
Genre: učebnice vysokých škol
monografie
textbooks (higher)
monographs

Available copies

  • 1 of 1 copy available at Common Catalog SPOK.

Holds

  • 0 current holds with 1 total copy.
Show Only Available Copies
Location Call Number / Copy Notes Barcode Shelving Location Status Due Date
Jabok Library PeS-5.1/O 424480025664 Odborná literatura Available -

Electronic resources

Version of Resource: Obsah


LDR 02238cam a2200589 a 4500
0018977
003CZ-PrJAB
00520170515085251.0
007ta
008101215s2010 xr a f 001 0 cze d
015 . ‡acnb002159177
020 . ‡a978-80-210-5266-6 ‡q(brož.)
035 . ‡a(CZ PrNK)nkc20112159177
035 . ‡a(OCoLC)713794323
040 . ‡aCBA001 ‡bcze ‡dBOA001 ‡dABA001
0410 . ‡acze ‡beng
072 7. ‡a376 ‡xVýchova a vzdělávání zvláštních skupin osob ‡2Konspekt ‡922
072 7. ‡a37.016 ‡xUčební osnovy. Vyučovací předměty. Učebnice ‡2Konspekt ‡922
080 . ‡a376 ‡2MRF
080 . ‡a616.831-00 ‡2MRF
080 . ‡a159.943 ‡2MRF
080 . ‡a316.346.32-053.4 ‡2MRF
080 . ‡a376.1-056.2 ‡2MRF
080 . ‡a(075.8) ‡2MRF
080 . ‡a(048.8) ‡2MRF
1001 . ‡aOpatřilová, Dagmar, ‡d1962- ‡7mzk2003214546 ‡4aut
24510. ‡aPedagogická intervence v raném a předškolním věku u jedinců s mozkovou obrnou / ‡cDagmar Opatřilová
250 . ‡a2., přeprac. a rozš. vyd.
260 . ‡aBrno : ‡bMasarykova univerzita, ‡c2010
300 . ‡a150 s. : ‡bil. ; ‡c21 cm
500 . ‡aNad názvem: Masarykova univerzita, Pedagogická fakulta
500 . ‡a200 výt.
504 . ‡aObsahuje bibliografii a rejstříky
546 . ‡aSouběžné anglické résumé
65007. ‡aspeciální pedagogika ‡7ph116230 ‡2czenas
65007. ‡adětská mozková obrna ‡7ph134747 ‡2czenas
65007. ‡apsychomotorika ‡7ph182930 ‡2czenas
65007. ‡aděti předškolního věku ‡7ph119710 ‡2czenas
65007. ‡asomatopedie ‡7ph125838 ‡2czenas
65009. ‡aspecial education ‡2eczenas
65009. ‡acerebral palsy ‡2eczenas
65009. ‡aperceptual-motor skills ‡2eczenas
65009. ‡apreschool children ‡2eczenas
65009. ‡aeducation of people with physical disabilities ‡2eczenas
655 7. ‡aučebnice vysokých škol ‡7fd133772 ‡2czenas
655 7. ‡amonografie ‡7fd132842 ‡2czenas
655 9. ‡atextbooks (higher) ‡2eczenas
655 9. ‡amonographs ‡2eczenas
7102 . ‡aMasarykova univerzita. ‡bPedagogická fakulta ‡7kn20010709279
85641. ‡yObsah ‡uhttp://toc.nkp.cz/NKC/201103/contents/nkc20112159177_1.pdf
910 . ‡aABG312
901 . ‡a8977 ‡bUnknown ‡c8977 ‡tbiblio

Additional Resources